• 首页
  • 本馆介绍
  • 公告通知
  • 最新文献
  • 馆藏检索
  • 电子资源
  • 读者荐购
  • 参考咨询
  • CALIS
  • 我的图书馆
  • 登录
  • 详细信息显示
  • 放入我的书架
  • 预约/预借图书
  • 作者相关作品
  • 分类相关作品
  • 丛书相关作品
  • 出版社相关作品

书目信息

  • 表格格式
  • 工作单格式
  • 卡片格式
题名:
交通安全概论
    
 
作者: 雷正保 主编
分册:  
出版信息: 北京   人民交通出版社  2010.01
页数: 214页
开本: 26cm
丛书名:
单 册:
中图分类: U491.4
科图分类:
主题词: 公路运输--gong lu yun shu--交通运输安全--高等学校--教材
电子资源:
ISBN: 978-7-114-08044-9
 
 
 
 
 
000 01258nam0 2200265 450
001 012010442769
005 20100529170314.01
010    @a978-7-114-08044-9@dCNY35.00
100    @a20100427d2010 em y0chiy0120 ea
101 0  @achi
102    @aCN@b110000
105    @aak a 000yy
106    @ar
200 1  @a交通安全概论@Ajiao tong an quan gai lun@d= Introduction to traffic safety@f雷正保主编@Flei zheng bao zhu bian@g《交通类高等院校素质教育教材》编审委员会组织编写@G《jiao tong lei gao deng yuan xiao su zhi jiao yu jiao cai》bian shen wei yuan hui zu zhi bian xie@zeng
210    @a北京@c人民交通出版社@d2010.01
215    @a214页@c图@d26cm
300    @a交通类高等院校素质教育教材
320    @a有书目 (第213-214页)
330    @a本书从基础理论、应用技术、CAE分析三个层面,系统地介绍了交通安全的基本内容、交通事故的处理方法、解决交通安全的关键技术;涵盖了七个方面的内容,即交通安全导论、驾驶员与交通安全、汽车与交通安全、道路与交通安全、环境与交通安全、交通安全管理、交通事故调查与处理。
510 1  @aIntroduction to traffic safety@zeng
606 0  @a公路运输@Agong lu yun shu@x交通运输安全@x高等学校@j教材
690    @aU491.4@v4
701  0 @a雷正保@Alei zheng bao@4主编
801  0 @aCN@bQSSK@c20100529
905    @b779110-12@dU491.4@eL086@f3
    
    交通安全概论= Introduction to traffic safety/雷正保主编/《交通类高等院校素质教育教材》编审委员会组织编写.-北京:人民交通出版社,2010.01
    214页:图;26cm
    交通类高等院校素质教育教材
    
    ISBN 978-7-114-08044-9:CNY35.00
    本书从基础理论、应用技术、CAE分析三个层面,系统地介绍了交通安全的基本内容、交通事故的处理方法、解决交通安全的关键技术;涵盖了七个方面的内容,即交通安全导论、驾驶员与交通安全、汽车与交通安全、道路与交通安全、环境与交通安全、交通安全管理、交通事故调查与处理。
●
相关链接 在E读中查询图书 在当当中查询图书 在豆瓣中查询图书


正题名:交通安全概论     索取号:U491.4/L086         预约/预借

序号 登录号 条形码 馆藏地/架位号 状态 备注
1 779110   207791102   自科库501/501自科库 58排4列3层/ [索取号:U491.4/L086] 在馆    
2 779111   207791111   自科库501/501自科库 58排4列3层/ [索取号:U491.4/L086] 在馆    
3 779112   207791120   自科库501/501自科库 58排4列3层/ [索取号:U491.4/L086] 在馆    
河南城建学院图书馆 欢迎您!
大连网信软件有限公司© 版权所有